D'Arcy Carden Filmography - Statistics

General Stats
  • This quiz has been taken 7 times
    2 since last reset
  • The average score is 2 of 110
Answer Stats
Type Year Name % Correct
TV Show 2016-2020 The Good Place
100%
Web Series 2018 Bonding
50%
Web Series 2025 The Handmaid's Tale
50%
TV Show 2019, 2020 25 Words or Less
0%
Web Series 2013 Above Average Presents
0%
TV Show 2015 Adam Ruins Everything
0%
TV Show 2025 Adults
0%
Web Series 2022 A League of Their Own
0%
Web Series 2024 A Man on the Inside
0%
TV Show 2018-2025 American Dad!
0%
Web Series 2018 An Emmy for Megan
0%
Short Film 2013 Anna Kendrick Goes K-Pop with F(x)
0%
TV Show 2020 Archer
0%
Web Series 2023, 2024 ASSSSCAT: Los Angeles
0%
Short Film 2011 Bachelorette Ashley Is Single Again
0%
Podcast 2018 Bad Reception
0%
TV Show 2018-2023 Barry
0%
Film 2019 Bombshell
0%
TV Show 2014, 2015, 2016, 2019 Broad City
0%
TV Show 2021 Celebrity Game Face
0%
TV Show 2025 Celebrity Jeopardy!
0%
Web Series 2024 Clone High
0%
Web Series 2014-2016 CollegeHumor Originals
0%
TV Show 2013, 2015 Comedy Bang! Bang!
0%
Web Special 2020 COVID Is No Joke
0%
TV Show 2016 Crazy Ex-Girlfriend
0%
Web Series 2021 Creepshow
0%
Podcast 2020 Cut and Run
0%
Web Series 2011 Diamonds Wow!
0%
Film 2023 Dicks: The Musical
0%
Web Series 2021 Doug Unplugs
0%
Web Series 2021-2023 Dragons: The Nine Realms
0%
Web Series 2021 Earth to Ned
0%
Podcast 2021 Edith!
0%
Short Film 2015 Endangered
0%
TV Show 2013 Funny or Die Presents...
0%
Web Series 2015 Gay of Thrones
0%
Web Series 2025 Gingerbread Land: The Biggest Little Holiday Competition
0%
Film 2019 Greener Grass
0%
Web Series 2019 HarmonQuest
0%
Short Film 2014 Haunted House Hunters
0%
Web Series 2023 History of the World: Part II
0%
TV Show 2019, 2020 Hollywood Game Night
0%
TV Short 2009 Homeschooled
0%
Web Series 2019 Human Discoveries
0%
Short Film 2014 I Know You Think I Farted
0%
TV Show 2013 Inside Amy Schumer
0%
Film 2013 iSteve
0%
Web Series 2011-2012 Jest Originals
0%
Web Series 2022 Killing It
0%
TV Show 2023 Krapopolis
0%
TV Show 2019 Last Week Tonight with John Oliver
0%
Film 2019 Let It Snow
0%
Theater 2007 Let's Go to Casablanca!
0%
Theater 2004 Let's Go to the Movies!
0%
Theater 2005 Let's Go to the Movies! Redux
0%
TV Special 2025 Maclunkey Treasure Island: A Live Staged Reading of Star Wars - A New Hope
0%
TV Show 2020 Mapleworth Murders
0%
Short Film 2011 Mob Wives
0%
Short Film 2012 Mob Wives 2: The Christening
0%
TV Show 2010 Naked in a Fishbowl
0%
Podcast 2022 Nature Talks to Itself
0%
Web Series 2021 No Activity
0%
Web Series 2024 Nobody Wants This
0%
Short Film 2014 Official Redskins Name Change
0%
Film 2016 Other People
0%
Film 2018 Papi Chulo
0%
Podcast 2022 Past My Bedtime
0%
Short Film 2014 Patton Oswalt Confronts His Haters
0%
TV Special 2010 Pet-O-Rama
0%
Web Series 2022 Play-Doh Squished
0%
Web Series 2021 Poorly Drawn Lines
0%
TV Special 2015 Red Nose Day
0%
Web Series TBA Rhona Who Lives by the River
0%
Web Series 2009-2011 Rhonda Casting
0%
Film 2021 Ride the Eagle
0%
TV Show 2019 Robot Chicken
0%
Film 2024 She Taught Love
0%
Film 2022 Shotgun Wedding
0%
TV Show 2020 Single Parents
0%
Film 2024 Sketch
0%
Short Film 2025 Something Blue
0%
Short Film 2015 Sorry: The Women's Apology
0%
TV Show 2008 Stone Cold Fox
0%
Web Series 2023 Strange Planet
0%
Web Series 2025 Sunny Nights
0%
Documentary 2016 Thank You, Del: The Story of the Del Close Marathon
0%
TV Show 2023 The $100,000 Pyramid
0%
Podcast 2024 The Best Man's Ghostwriter
0%
Web Series TBA The Five-Star Weekend
0%
TV Show 2022 The Ghost and Molly McGee
0%
Web Series 2022 The Great American Baking Show
0%
Film 2024 The Gutter
0%
Short Film 2014 The Hug
0%
Theater 2005 The Musical Comedy Murders of 1940
0%
Podcast 2024 The Neighborhood Listen
0%
Film 2022 The People We Hate at the Wedding
0%
TV Show 2019-2020 The Rocketeer
0%
Theater 2023 The Thanksgiving Play
0%
Film 2013 The To Do List
0%
Podcast 2024 Tiny Dinos
0%
TV Show 2020, 2021 To Tell the Truth
0%
Film 2024 Turn Me On
0%
Web Series 2008-2013 UCB Comedy Originals
0%
Web Series 2012 UCB Live!
0%
TV Show 2017 Veep
0%
Short Film 2014 Waka Flocka Flame Hires a Blunt Roller
0%
Short Film 2014 We Make That Lemonade
0%
Film 2022 Wes Schlagenhauf Is Dying
0%
Podcast 2018, 2019 Womp It Up!
0%
No matching quizzes found
Score Distribution
Percent of People with Each Score
Percentile by Number Answered
Your Score History
You have not taken this quiz since the last reset